[Event "Titled Tuesday intern op 05th Jul Early"]
[Site "Chess.com INT"]
[Date "2022.07.05"]
[Round "3"]
[White "Corrales Jimenez, Fidel"]
[Black "Moon, Benjamin"]
[Result "1-0"]
[WhiteElo "2527"]
[BlackElo "2219"]
[PlyCount "131"]
[EventDate "2022.07.05"]
[EventType "swiss (blitz)"]
[EventRounds "11"]
[EventCountry "USA"]
[SourceTitle "CBM 209 Extra"]
[Source "ChessBase"]
[SourceDate "2022.09.30"]
[SourceVersion "1"]
[SourceVersionDate "2022.09.30"]
[SourceQuality "1"]

1. d4 d5 2. c4 e6 3. Nc3 c5 4. cxd5 exd5 5. Nf3 Nc6 6. g3 Nf6 7. Bg2 Be7 8. 0-0 0-0 9. dxc5 Bxc5 10. a3 Ne4 11. Qxd5 Nxc3 12. Qxc5 Nxe2+ 13. Kh1 Nxc1 14. Raxc1 Qf6 15. b4 a6 16. Ng5 Bf5 17. Ne4 Bxe4 18. Bxe4 Rac8 19. Qb6 Qe5 20. Rfe1 Qc7 21. Qxc7 Rxc7 22. Bxc6 bxc6 23. Re5 Rb8 24. Rec5 Rb6 25. Kg2 Kf8 26. Kf3 Ke8 27. h4 g6 28. h5 Rd7 29. R1c3 Rd6 30. h6 Kd7 31. Ke4 Rb5 32. f4 Re6+ 33. Kf3 Rxc5 34. Rxc5 Rd6 35. Ra5 Rd3+ 36. Kg4 f5+ 37. Kh4 Rd2 38. Kh3 Rd1 39. Kg2 Rd2+ 40. Kf3 Rh2 41. Rxa6 Rxh6 42. Kg2 Kd6 43. Ra5 g5 44. fxg5 Re6 45. Rxf5 Re3 46. Rf3 Re2+ 47. Kh3 Re1 48. Kg4 Ra1 49. Kf5 Re1 50. Kf6 Kd7 51. Kg7 Re5 52. Kh6 Kd6 53. g4 Re4 54. Rg3 Ke7 55. Kxh7 Kf8 56. g6 Re7+ 57. Kh6 Re1 58. Rf3+ Kg8 59. Rf6 Rh1+ 60. Kg5 Ra1 61. Rxc6 Rxa3 62. b5 Rb3 63. b6 Kg7 64. Rc7+ Kg8 65. b7 Rb5+ 66. Kh6 1-0

[Event "Titled Tuesday intern op 05th Jul Early"]
[Site "Chess.com INT"]
[Date "2022.07.05"]
[Round "5"]
[White "Demin, Vladimir"]
[Black "Moon, Benjamin"]
[Result "0-1"]
[WhiteElo "2430"]
[BlackElo "2219"]
[PlyCount "74"]
[EventDate "2022.07.05"]
[EventType "swiss (blitz)"]
[EventRounds "11"]
[EventCountry "USA"]
[SourceTitle "CBM 209 Extra"]
[Source "ChessBase"]
[SourceDate "2022.09.30"]
[SourceVersion "1"]
[SourceVersionDate "2022.09.30"]
[SourceQuality "1"]

1. e4 d5 2. exd5 Qxd5 3. Nc3 Qd8 4. Bc4 Nf6 5. Nf3 a6 6. 0-0 b5 7. Bb3 c5 8. d3 e6 9. a4 b4 10. Ne4 Be7 11. Bf4 0-0 12. Be5 Nbd7 13. Nxf6+ Bxf6 14. Bxf6 Qxf6 15. Rb1 Bb7 16. Qe1 Bxf3 17. gxf3 Qxf3 18. Qe4 Qxe4 19. dxe4 Nb6 20. c4 Rad8 21. a5 Nd7 22. Rbd1 Ne5 23. f4 Nc6 24. Bc2 Nxa5 25. Ra1 Nxc4 26. Rxa6 Nxb2 27. e5 g6 28. Rb1 Nc4 29. Rc6 Na3 30. Rc1 Nxc2 31. Rxc2 b3 32. R2xc5 Rd2 33. Rb5 Ra8 34. Rc1 b2 35. Rb1 Ra2 36. h4 Rc2 37. Rf1 Ra1 0-1

[Event "Titled Tuesday intern op 05th Jul Early"]
[Site "Chess.com INT"]
[Date "2022.07.05"]
[Round "8"]
[White "Molina, Roberto Junio Brito"]
[Black "Moon, Benjamin"]
[Result "1-0"]
[WhiteElo "2400"]
[BlackElo "2219"]
[PlyCount "129"]
[EventDate "2022.07.05"]
[EventType "swiss (blitz)"]
[EventRounds "11"]
[EventCountry "USA"]
[SourceTitle "CBM 209 Extra"]
[Source "ChessBase"]
[SourceDate "2022.09.30"]
[SourceVersion "1"]
[SourceVersionDate "2022.09.30"]
[SourceQuality "1"]

1. d4 Nf6 2. Nf3 g6 3. e3 Bg7 4. Be2 0-0 5. 0-0 d5 6. c4 c5 7. dxc5 Na6 8. c6 bxc6 9. Nc3 Rb8 10. Nd4 Bb7 11. cxd5 cxd5 12. Qa4 Qb6 13. Qa3 e5 14. Nf3 Rfe8 15. Bd2 Bf8 16. Qb3 Qe6 17. Rfc1 Nc5 18. Qd1 Rbd8 19. Nb5 Qb6 20. a4 a5 21. b4 axb4 22. a5 Qe6 23. Nc7 Qf5 24. Nxe8 Rxe8 25. Bxb4 Nce4 26. Bxf8 Rxf8 27. a6 Ba8 28. h3 d4 29. exd4 Nxf2 30. Kxf2 e4 31. Qc2 Nd5 32. Kg1 Ne3 33. Qd2 Nxg2 34. Qg5 exf3 35. Qxf5 gxf5 36. Bb5 Nf4 37. Bc6 Ne2+ 38. Kf2 Nxc1 39. Rxc1 Bxc6 40. Rxc6 Kg7 41. a7 Ra8 42. Ra6 Kf8 43. Kxf3 Ke7 44. Kf4 Kd7 45. Kxf5 Kc7 46. Kf6 Kb7 47. Ra1 h5 48. h4 Kc6 49. Ra5 Kb6 50. Ra2 Kc6 51. Ra3 Kd5 52. Ra4 Kd6 53. Kxf7 Kd5 54. Kg6 Ke4 55. Kxh5 Kf5 56. Kh6 Kf6 57. Ra6+ Kf7 58. Kg5 Rg8+ 59. Kf5 Ra8 60. h5 Ke7 61. h6 Rf8+ 62. Ke5 Ra8 63. h7 Kd7 64. h8Q Rxh8 65. a8Q 1-0

[Event "Titled Tuesday intern op 05th Jul Early"]
[Site "Chess.com INT"]
[Date "2022.07.05"]
[Round "6"]
[White "Moon, Benjamin"]
[Black "D'Arruda, Ricardo D"]
[Result "1/2-1/2"]
[WhiteElo "2219"]
[BlackElo "2271"]
[PlyCount "112"]
[EventDate "2022.07.05"]
[EventType "swiss (blitz)"]
[EventRounds "11"]
[EventCountry "USA"]
[SourceTitle "CBM 209 Extra"]
[Source "ChessBase"]
[SourceDate "2022.09.30"]
[SourceVersion "1"]
[SourceVersionDate "2022.09.30"]
[SourceQuality "1"]

1. d4 Nf6 2. Bf4 d6 3. e3 g6 4. Nf3 Bg7 5. h3 0-0 6. c3 b6 7. Bh2 Bb7 8. Be2 Nbd7 9. 0-0 c5 10. Nbd2 Ne4 11. Nxe4 Bxe4 12. a4 a6 13. Qb3 Qc7 14. Rfd1 Bb7 15. Rac1 h6 16. Qa3 Rfc8 17. Nd2 Kh7 18. Bf3 Bxf3 19. Nxf3 Qc6 20. Qb3 Kg8 21. Bg3 Rab8 22. h4 b5 23. axb5 axb5 24. h5 g5 25. Qc2 Nf6 26. dxc5 Qxc5 27. Nd4 Nxh5 28. Nf5 Bf8 29. Bh2 Nf6 30. Qe2 b4 31. Qf3 Qc6 32. Qh3 Qd7 33. Nxh6+ Bxh6 34. Qxh6 Qf5 35. c4 Rc5 36. f3 b3 37. e4 Qg6 38. Qh3 g4 39. Qg3 gxf3 40. Qxg6+ fxg6 41. gxf3 Rb4 42. Rd4 Nd7 43. Kf2 Nb6 44. Rc3 Rcxc4 45. Rdxc4 Nxc4 46. e5 Nxe5 47. Bxe5 dxe5 48. Rc7 Kf7 49. Ke3 Kf6 50. Rc6+ e6 51. Rc8 g5 52. Rc6 g4 53. fxg4 Rxg4 54. Rb6 Rg3+ 55. Ke4 Rh3 56. Rxe6+ Kxe6 1/2-1/2

[Event "Charlotte op"]
[Site "Charlotte"]
[Date "2021.12.28"]
[Round "5"]
[White "Moon, Benjamin"]
[Black "Han, Johnathan"]
[Result "1/2-1/2"]
[WhiteElo "2240"]
[BlackElo "1968"]
[PlyCount "88"]
[EventDate "2021.12.26"]
[EventType "swiss"]
[EventRounds "9"]
[EventCountry "USA"]
[SourceTitle "CBM 205 Extra"]
[Source "ChessBase"]
[SourceDate "2022.01.31"]
[SourceVersion "1"]
[SourceVersionDate "2022.01.31"]
[SourceQuality "1"]

1. d4 Nf6 2. Bf4 g6 3. Nf3 Bg7 4. e3 0-0 5. h3 d6 6. c3 c5 7. dxc5 dxc5 8. Nbd2 b6 9. Qc2 Bb7 10. Rd1 Qc8 11. Be2 Nc6 12. 0-0 Rd8 13. e4 Nd7 14. Bg3 Nde5 15. Nxe5 Nxe5 16. f4 Nc6 17. e5 Ba6 18. Nc4 Qc7 19. Ne3 Bxe2 20. Qxe2 Rxd1 21. Rxd1 Rd8 22. Nd5 Qb7 23. Bh4 Nd4 24. cxd4 Qxd5 25. Bxe7 Rd7 26. Bd6 cxd4 27. Qf3 Qxf3 28. gxf3 f6 29. Rxd4 fxe5 30. fxe5 Bf8 31. Kf2 Bxd6 32. exd6 Kf7 33. Kg3 Kf6 34. Kg4 h6 35. f4 h5+ 36. Kh4 Kf5 37. b3 a6 38. a3 a5 39. a4 Kf6 40. Rd5 Ke6 41. Rg5 Kf6 42. Rd5 Ke6 43. Rg5 Kf6 44. Rd5 Ke6 1/2-1/2

[Event "USA-ch 2000 1st"]
[Site "Charlotte"]
[Date "2021.04.24"]
[Round "3"]
[White "Moon, Benjamin"]
[Black "Johnson, Donald"]
[Result "1-0"]
[WhiteElo "2252"]
[BlackElo "1995"]
[PlyCount "139"]
[EventDate "2021.04.22"]
[EventType "swiss"]
[EventRounds "6"]
[EventCountry "USA"]
[SourceTitle "EXT 2022"]
[Source "ChessBase"]
[SourceDate "2021.10.06"]
[SourceVersion "1"]
[SourceVersionDate "2021.10.06"]
[SourceQuality "1"]

1. d4 Nf6 2. Nf3 g6 3. Nbd2 d5 4. b4 Bg7 5. c4 c6 6. e3 0-0 7. a4 a5 8. b5 c5 9. Bb2 cxd4 10. Nxd4 e5 11. N4f3 d4 12. exd4 exd4 13. Bxd4 Re8+ 14. Be2 Qe7 15. Nf1 Rd8 16. Ne3 Qb4+ 17. Kf1 Bg4 18. Rb1 Qe7 19. h3 Bxf3 20. Bxf3 Qc7 21. Rb3 Ng4 22. Bd5 Nxf2 23. Kxf2 Qf4+ 24. Qf3 Qxd4 25. Rd1 Qh4+ 26. g3 Qf6 27. Qxf6 Bxf6 28. Bxb7 Rxd1 29. Nxd1 Ra7 30. Bd5 Bd4+ 31. Kf3 Nd7 32. Nf2 Rc7 33. Nd3 Nb6 34. Ke4 Bg1 35. Rb1 Bh2 36. Kf3 Re7 37. Nf2 Rd7 38. Ng4 Rd8 39. Nxh2 Nxa4 40. Ra1 Nb6 41. Rxa5 Nxd5 42. cxd5 Rxd5 43. Ke4 Rc5 44. Nf3 Rc3 45. Ra8+ Kg7 46. b6 Rb3 47. Rb8 h6 48. b7 f5+ 49. Kd4 g5 50. Kc4 Rb1 51. Nd4 f4 52. gxf4 gxf4 53. Ne6+ Kh7 54. Nxf4 Kg7 55. Nd3 Rb6 56. Nc5 Kg6 57. Rg8+ Kh5 58. b8Q Rxb8 59. Rxb8 Kh4 60. Kd4 h5 61. Ke3 Kxh3 62. Kf3 h4 63. Rh8 Kh2 64. Kf2 Kh3 65. Rg8 Kh2 66. Nd3 h3 67. Rh8 Kh1 68. Kf1 Kh2 69. Kf2 Kh1 70. Rxh3# 1-0

[Event "USA-ch 2000 1st"]
[Site "Charlotte"]
[Date "2021.04.23"]
[Round "1"]
[White "Moon, Benjamin"]
[Black "Sriniaiyer, Sudarshan"]
[Result "0-1"]
[WhiteElo "2252"]
[BlackElo "1995"]
[PlyCount "92"]
[EventDate "2021.04.22"]
[EventType "swiss"]
[EventRounds "6"]
[EventCountry "USA"]
[SourceTitle "EXT 2022"]
[Source "ChessBase"]
[SourceDate "2021.10.06"]
[SourceVersion "1"]
[SourceVersionDate "2021.10.06"]
[SourceQuality "1"]

1. g3 d5 2. Bg2 Nf6 3. Nf3 c5 4. 0-0 Nc6 5. d3 Bg4 6. c3 Qd7 7. a3 a5 8. a4 e5 9. e4 d4 10. Na3 Be7 11. Nc4 Qc7 12. cxd4 cxd4 13. Bg5 h6 14. Bxf6 Bxf6 15. h3 Be6 16. Nfd2 Bg5 17. f4 exf4 18. h4 f3 19. hxg5 fxg2 20. Kxg2 hxg5 21. Rh1 Rxh1 22. Qxh1 0-0-0 23. Rc1 Kb8 24. Qh7 f6 25. Nb3 Bxc4 26. Rxc4 Qb6 27. Qxg7 Qxb3 28. Qxf6 Qxb2+ 29. Kh3 Qb6 30. Kg4 Qc7 31. Rc5 Qd7+ 32. Rf5 Ne7 33. Qe5+ Kc8 34. Qc5+ Kb8 35. Qe5+ Qc7 36. Rxg5 Qxe5 37. Rxe5 Rg8+ 38. Kf3 Nc6 39. Rd5 Rd8 40. Rf5 Nb4 41. Rxa5 Nxd3 42. Rd5 Rxd5 43. exd5 Ne5+ 44. Ke4 d3 45. Ke3 Kc7 46. g4 Kd6 0-1

[Event "Titled Tuesday intern op 26th Jan"]
[Site "Chess.com INT"]
[Date "2021.01.26"]
[Round "2"]
[White "Moon, Benjamin"]
[Black "Priasmoro, Novendra"]
[Result "0-1"]
[WhiteElo "2252"]
[BlackElo "2502"]
[PlyCount "72"]
[EventDate "2021.01.26"]
[EventType "swiss (blitz)"]
[EventRounds "11"]
[EventCountry "USA"]
[SourceTitle "CBM 200 Extra"]
[Source "ChessBase"]
[SourceDate "2021.03.31"]
[SourceVersion "1"]
[SourceVersionDate "2021.03.31"]
[SourceQuality "1"]

1. d4 Nf6 2. Bf4 g6 3. e3 Bg7 4. Nf3 d6 5. h3 0-0 6. c3 Nc6 7. Bh2 Nd7 8. Be2 e5 9. 0-0 f5 10. b4 Qe7 11. b5 Nd8 12. Qb3+ Kh8 13. a4 g5 14. Rd1 g4 15. hxg4 fxg4 16. Ne1 Nf6 17. Nd2 Nf7 18. dxe5 Nxe5 19. Qb4 Nd5 20. Qb3 Nxc3 21. Bf1 Be6 22. Qb4 Nd5 23. Qa3 Ng6 24. Rac1 Rf7 25. Nc4 Raf8 26. Bg3 h5 27. Bd3 Qg5 28. Bxg6 Qxg6 29. Nd3 Qg5 30. Nf4 Nxf4 31. Bxf4 Rxf4 32. exf4 Qxf4 33. Ne3 Qxf2+ 34. Kh1 Be5 35. Rf1 Qh4+ 36. Kg1 Qh2# 0-1

[Event "Titled Tuesday intern op 26th Jan"]
[Site "Chess.com INT"]
[Date "2021.01.26"]
[Round "1"]
[White "Moon, Benjamin"]
[Black "Starosta, Martyna"]
[Result "1-0"]
[WhiteElo "2252"]
[BlackElo "1945"]
[PlyCount "75"]
[EventDate "2021.01.26"]
[EventType "swiss (blitz)"]
[EventRounds "11"]
[EventCountry "USA"]
[SourceTitle "CBM 200 Extra"]
[Source "ChessBase"]
[SourceDate "2021.03.31"]
[SourceVersion "1"]
[SourceVersionDate "2021.03.31"]
[SourceQuality "1"]

1. d4 Nf6 2. Bf4 g6 3. e3 Bg7 4. Nf3 d6 5. h3 0-0 6. c3 Nbd7 7. Bh2 Qe8 8. Be2 e5 9. 0-0 b6 10. a4 a5 11. Na3 Bb7 12. Nb5 Rc8 13. Na7 Ra8 14. Nb5 Rc8 15. Qb3 Qe7 16. Na7 Ra8 17. Nb5 Rac8 18. Rfd1 Kh8 19. Na7 Ra8 20. Nb5 Rac8 21. Rac1 Ne4 22. Na7 Ra8 23. Nb5 Rac8 24. Qa3 c6 25. Nxd6 Nxd6 26. dxe5 Nc5 27. exd6 Qe4 28. b4 axb4 29. cxb4 Nd7 30. a5 bxa5 31. bxa5 Ra8 32. Nd4 Ne5 33. a6 c5 34. Nf3 Rxa6 35. Bxa6 Nxf3+ 36. gxf3 Qxf3 37. Bxb7 Qxb7 38. Qxc5 1-0

[Event "Titled Tuesday intern op 12th Jan"]
[Site "Chess.com INT"]
[Date "2021.01.12"]
[Round "2"]
[White "Martinez Alcantara, Jose Eduardo"]
[Black "Moon, Benjamin"]
[Result "1-0"]
[WhiteElo "2620"]
[BlackElo "2252"]
[PlyCount "37"]
[EventDate "2021.01.12"]
[EventType "swiss (blitz)"]
[EventRounds "11"]
[EventCountry "USA"]
[SourceTitle "CBM 200 Extra"]
[Source "ChessBase"]
[SourceDate "2021.03.31"]
[SourceVersion "1"]
[SourceVersionDate "2021.03.31"]
[SourceQuality "1"]

1. e4 d5 2. exd5 Qxd5 3. Nf3 Nf6 4. Be2 Bg4 5. h3 Bh5 6. d4 e6 7. Be3 Be7 8. 0-0 0-0 9. c4 Qd8 10. Nc3 c6 11. Ne5 Bxe2 12. Qxe2 Nbd7 13. f4 Qa5 14. a3 Rad8 15. b4 Qa6 16. Rfb1 Nb6 17. a4 Nfd7 18. a5 Nxe5 19. b5 1-0

[Event "Titled Tuesday intern op 29th Dec"]
[Site "Chess.com INT"]
[Date "2020.12.29"]
[Round "5"]
[White "Indjic, Aleksandar"]
[Black "Moon, Benjamin"]
[Result "0-1"]
[WhiteElo "2604"]
[BlackElo "2252"]
[PlyCount "144"]
[EventDate "2020.12.29"]
[EventType "swiss (blitz)"]
[EventRounds "11"]
[EventCountry "USA"]
[SourceTitle "CBM 200 Extra"]
[Source "ChessBase"]
[SourceDate "2021.03.31"]
[SourceVersion "1"]
[SourceVersionDate "2021.03.31"]
[SourceQuality "1"]

1. d4 d5 2. c4 e6 3. Nc3 c5 4. cxd5 exd5 5. Nf3 Nc6 6. dxc5 d4 7. Na4 Bxc5 8. Nxc5 Qa5+ 9. Bd2 Qxc5 10. e3 dxe3 11. Bxe3 Qb4+ 12. Qd2 Qxd2+ 13. Bxd2 Nge7 14. Bc4 h6 15. 0-0 Be6 16. Bxe6 fxe6 17. Rfe1 Kf7 18. Re4 Rhe8 19. h3 Nd5 20. Rc1 Rac8 21. Rec4 Nce7 22. Ne5+ Kg8 23. g4 Rxc4 24. Rxc4 Rc8 25. Rxc8+ Nxc8 26. Kf1 Kf8 27. Ke2 Ke7 28. f4 Nd6 29. Kd3 a6 30. b3 Ne8 31. Kd4 Kd6 32. a4 b5 33. Nd3 bxa4 34. bxa4 Nef6 35. Nc5 Nc7 36. Kc4 h5 37. g5 Nfd5 38. Kd4 g6 39. Nd3 Ne7 40. Ne5 Ncd5 41. Ke4 Kc5 42. Nd7+ Kd6 43. Nf8 Kc5 44. Ke5 Nf5 45. Nxg6 Nd4 46. Nf8 Nf3+ 47. Kxe6 Nxd2 48. f5 Nf4+ 49. Kf7 Ne4 50. g6 Nd6+ 51. Kf6 Nd5+ 52. Ke5 Nxf5 53. Kxf5 Ne7+ 54. Kf6 Nxg6 55. Kxg6 Kb4 56. Kxh5 Kxa4 57. Kg5 Kb3 58. h4 a5 59. h5 a4 60. h6 a3 61. h7 a2 62. h8Q Kc2 63. Qh2+ Kb1 64. Qg1+ Kb2 65. Qd4+ Kb1 66. Qb4+ Ka1 67. Qd2 Kb1 68. Ne6 a1Q 69. Nd4 Qb2 70. Qd3+ Ka2 71. Kf4 Qc1+ 72. Ke4 Qb1 0-1

[Event "Titled Tuesday intern op 29th Dec"]
[Site "Chess.com INT"]
[Date "2020.12.29"]
[Round "1"]
[White "Sergienko, Sergey"]
[Black "Moon, Benjamin"]
[Result "0-1"]
[WhiteElo "2335"]
[BlackElo "2252"]
[PlyCount "92"]
[EventDate "2020.12.29"]
[EventType "swiss (blitz)"]
[EventRounds "11"]
[EventCountry "USA"]
[SourceTitle "CBM 200 Extra"]
[Source "ChessBase"]
[SourceDate "2021.03.31"]
[SourceVersion "1"]
[SourceVersionDate "2021.03.31"]
[SourceQuality "1"]

1. e4 d5 2. Nc3 dxe4 3. Nxe4 Bf5 4. Ng3 Bg6 5. h4 h6 6. d4 e6 7. N1e2 Nf6 8. Nf4 Bh7 9. Bc4 c6 10. c3 Nbd7 11. 0-0 Bd6 12. Re1 Bxf4 13. Bxf4 0-0 14. h5 Re8 15. Qf3 Qa5 16. b4 Qd8 17. Rad1 Nb6 18. Bb3 a6 19. Be5 Nbd5 20. a3 Nd7 21. c4 N5f6 22. Bd6 Nb6 23. c5 Nbd5 24. Bc4 b5 25. Bd3 Bxd3 26. Rxd3 a5 27. Rb3 axb4 28. axb4 Ra4 29. Reb1 Qd7 30. Ne4 Nxe4 31. Qxe4 Rea8 32. g4 Qd8 33. Bg3 Qg5 34. Qe5 Qxg4 35. Kg2 Ra2 36. Rf3 R8a3 37. Rxa3 Rxa3 38. Re1 Qf3+ 39. Kh2 Ra2 40. Kg1 Nxb4 41. Qb8+ Kh7 42. Qe5 Nd5 43. Qd6 Nf6 44. Qe5 Nxh5 45. Qe4+ Qxe4 46. Rxe4 Nxg3 0-1

[Event "Titled Tuesday intern op 24th Nov"]
[Site "Chess.com INT"]
[Date "2020.11.24"]
[Round "5"]
[White "Estrada Nieto, Julian"]
[Black "Moon, Benjamin"]
[Result "0-1"]
[WhiteElo "2280"]
[BlackElo "2252"]
[PlyCount "86"]
[EventDate "2020.11.24"]
[EventType "swiss (blitz)"]
[EventRounds "11"]
[EventCountry "USA"]
[SourceTitle "CBM 199 Extra"]
[Source "ChessBase"]
[SourceDate "2021.01.31"]
[SourceVersion "1"]
[SourceVersionDate "2021.01.31"]
[SourceQuality "1"]

1. e4 g6 2. d4 Bg7 3. Nc3 d6 4. Nf3 Nf6 5. Be2 0-0 6. 0-0 e6 7. Bg5 h6 8. Bh4 g5 9. Bg3 Nh5 10. Qd2 Nc6 11. d5 Nxg3 12. hxg3 exd5 13. exd5 Ne5 14. Nxe5 Bxe5 15. f4 Bg7 16. fxg5 Qxg5 17. Qxg5 hxg5 18. Ne4 Bxb2 19. Rab1 Bd4+ 20. Kh1 f6 21. c3 Be5 22. g4 Kg7 23. g3 b6 24. Kg2 Kg6 25. Bd3 Kg7 26. Be2 Bd7 27. Rh1 Rh8 28. Rh5 Rxh5 29. gxh5 g4 30. Rh1 Rh8 31. Rh4 f5 32. Ng5 Bf6 33. Ne6+ Bxe6 34. dxe6 Bxh4 35. gxh4 Kf6 36. Kg3 Kxe6 37. Bc4+ d5 38. Bb5 Rxh5 39. Be8 Rh8 40. Bg6 Kf6 41. h5 Kg5 42. Bf7 Rxh5 43. Bxh5 Kxh5 0-1

[Event "Charlotte op"]
[Site "Charlotte"]
[Date "2020.01.04"]
[Round "7"]
[White "Moon, Benjamin"]
[Black "Tokhirjonova, Gulruhbegim"]
[Result "1-0"]
[WhiteElo "2237"]
[BlackElo "2415"]
[PlyCount "79"]
[EventDate "2020.01.01"]
[EventType "swiss"]
[EventRounds "9"]
[EventCountry "USA"]
[SourceTitle "CBM 194 Extra"]
[Source "ChessBase"]
[SourceDate "2020.03.31"]
[SourceVersion "1"]
[SourceVersionDate "2020.03.31"]
[SourceQuality "1"]

1. d4 Nf6 2. Nf3 e6 3. Bf4 c5 4. e3 Be7 5. h3 0-0 6. Nbd2 b6 7. Bd3 Bb7 8. 0-0 cxd4 9. exd4 Nc6 10. c3 Nd5 11. Bh2 f5 12. Re1 Bf6 13. Nc4 Ba6 14. Nce5 Bxe5 15. Nxe5 Bb7 16. Nc4 Nce7 17. a4 Ng6 18. Nd6 Bc6 19. Qd2 Nh4 20. c4 Nf6 21. Bf1 a5 22. d5 exd5 23. Qd4 f4 24. Bxf4 Nh5 25. Bg3 Nxg3 26. fxg3 Nf5 27. Nxf5 Rxf5 28. cxd5 Bb7 29. g4 Rf6 30. Bc4 Kh8 31. Re2 Qf8 32. Rae1 Rc8 33. b3 h6 34. Re7 Rd6 35. Qe5 Rf6 36. Rxd7 Qc5+ 37. Kh2 Ba8 38. g5 hxg5 39. Qxg5 Qf8 40. Ree7 1-0

[Event "Charlotte op"]
[Site "Charlotte"]
[Date "2020.01.02"]
[Round "2"]
[White "Beradze, Irakli"]
[Black "Moon, Benjamin"]
[Result "0-1"]
[WhiteElo "2487"]
[BlackElo "2237"]
[PlyCount "82"]
[EventDate "2020.01.01"]
[EventType "swiss"]
[EventRounds "9"]
[EventCountry "USA"]
[SourceTitle "CBM 194 Extra"]
[Source "ChessBase"]
[SourceDate "2020.03.31"]
[SourceVersion "1"]
[SourceVersionDate "2020.03.31"]
[SourceQuality "1"]

1. e4 e5 2. Nf3 Nf6 3. Nxe5 d6 4. Nf3 Nxe4 5. d4 d5 6. Bd3 Be7 7. 0-0 Nd6 8. Bf4 0-0 9. c3 Re8 10. Qc2 g6 11. Re1 Nd7 12. Nbd2 Nf8 13. Rac1 c6 14. h3 Ne6 15. Bh2 Ng7 16. g4 Bf8 17. b3 Rxe1+ 18. Rxe1 Ne6 19. Nf1 Bh6 20. Be5 b6 21. Kh2 Bb7 22. Ng3 c5 23. h4 c4 24. Bf1 Rc8 25. g5 Bf8 26. Bh3 cxb3 27. axb3 Ne4 28. Re3 Bd6 29. Bxe6 fxe6 30. Bxd6 Qxd6 31. Ne5 Qf8 32. Rf3 Qb4 33. Ne2 Ba6 34. c4 Qe1 35. Qa2 Rf8 36. Nd3 Qa5 37. Rxf8+ Kxf8 38. Qb1 Qd2 39. Ndf4 Nc3 40. Nxe6+ Ke7 41. N6f4 Nxb1 0-1

[Event "Titled Tuesday intern op 5th Nov"]
[Site "Chess.com INT"]
[Date "2019.11.05"]
[Round "4"]
[White "Moon, Benjamin"]
[Black "Trent, Lawrence"]
[Result "0-1"]
[WhiteElo "2237"]
[BlackElo "2390"]
[PlyCount "56"]
[EventDate "2019.11.05"]
[EventType "swiss (blitz)"]
[EventRounds "10"]
[EventCountry "USA"]
[SourceTitle "EXT 2021"]
[Source "ChessBase"]
[SourceDate "2020.10.23"]
[SourceVersion "1"]
[SourceVersionDate "2020.10.23"]
[SourceQuality "1"]

1. d4 d5 2. Bf4 c5 3. e3 Nc6 4. Nf3 Nf6 5. c3 e6 6. Nbd2 cxd4 7. exd4 Nh5 8. Be3 Bd6 9. Bd3 f5 10. Bg5 Nf6 11. 0-0 0-0 12. Re1 Qc7 13. Bxf6 gxf6 14. h3 Kh8 15. Nh4 Qf7 16. Kh1 Bd7 17. Ndf3 Rg8 18. c4 Nb4 19. cxd5 Nxd5 20. Rg1 Nf4 21. Bf1 Bc6 22. g3 Qh5 23. Kh2 Ng6 24. Nxg6+ Rxg6 25. Bg2 Rag8 26. Kh1 Rxg3 27. fxg3 Rxg3 28. Nh2 Rxh3 0-1

[Event "Charlotte CCCSA Fall IM"]
[Site "Charlotte"]
[Date "2018.11.23"]
[Round "4"]
[White "Moon, Benjamin"]
[Black "Stremavicius, Titas"]
[Result "1/2-1/2"]
[WhiteElo "2277"]
[BlackElo "2465"]
[PlyCount "45"]
[EventDate "2018.11.21"]
[EventType "tourn"]
[EventRounds "9"]
[EventCountry "USA"]
[EventCategory "3"]
[SourceTitle "CBM 187 Extra"]
[Source "ChessBase"]
[SourceDate "2018.11.04"]
[SourceVersion "1"]
[SourceVersionDate "2018.11.04"]
[SourceQuality "1"]

1. d4 d5 2. c4 c6 3. cxd5 cxd5 4. Bf4 Nf6 5. Nf3 Nc6 6. Nc3 Bf5 7. e3 e6 8. Bd3 Bxd3 9. Qxd3 Bd6 10. Bxd6 Qxd6 11. 0-0 0-0 12. Rfc1 Rfc8 13. Na4 Nd7 14. Nc5 b6 15. Nxd7 Qxd7 16. h3 Ne7 17. Ne5 Qb7 18. Qd2 f6 19. Nd3 Rxc1+ 20. Rxc1 Rc8 21. Rxc8+ Qxc8 22. Qc1 Qxc1+ 23. Nxc1 1/2-1/2

[Event "Charlotte CCCSA IM-B"]
[Site "Charlotte"]
[Date "2018.06.08"]
[Round "4"]
[White "Arjun, Vishnuvardhan"]
[Black "Moon, Benjamin"]
[Result "1-0"]
[WhiteElo "2158"]
[BlackElo "2334"]
[PlyCount "74"]
[EventDate "2018.06.06"]
[EventType "tourn"]
[EventRounds "9"]
[EventCountry "USA"]
[EventCategory "2"]
[SourceTitle "CBM 184 Extra"]
[Source "ChessBase"]
[SourceDate "2018.06.28"]
[SourceVersion "1"]
[SourceVersionDate "2018.06.28"]
[SourceQuality "1"]

1. c4 c6 2. e4 d6 3. Nc3 Nf6 4. d4 g6 5. g3 Bg7 6. Bg2 0-0 7. Nge2 Nbd7 8. 0-0 e5 9. b3 Re8 10. d5 c5 11. Bb2 a6 12. a4 Rf8 13. f4 exf4 14. gxf4 Ne8 15. Qd2 Rb8 16. Rae1 Qh4 17. Kh1 Ndf6 18. Ng1 Nh5 19. Qf2 Qxf2 20. Rxf2 Bd4 21. Rff1 Bg4 22. e5 Neg7 23. Bf3 Bf5 24. Bxh5 Nxh5 25. Nf3 Nxf4 26. Nxd4 cxd4 27. Rxf4 dxe5 28. Rxe5 dxc3 29. Bxc3 f6 30. Re7 Rf7 31. Re3 Rff8 32. Kg2 Kf7 33. Kf2 Rfe8 34. a5 Rxe3 35. Kxe3 Re8+ 36. Kd4 Re2 37. h4 h5 1-0

[Event "Charlotte CCCSA IM-B"]
[Site "Charlotte"]
[Date "2018.06.07"]
[Round "3"]
[White "Moon, Benjamin"]
[Black "Valdes Romero, Leonardo"]
[Result "1/2-1/2"]
[WhiteElo "2334"]
[BlackElo "2385"]
[PlyCount "76"]
[EventDate "2018.06.06"]
[EventType "tourn"]
[EventRounds "9"]
[EventCountry "USA"]
[EventCategory "2"]
[SourceTitle "CBM 184 Extra"]
[Source "ChessBase"]
[SourceDate "2018.06.28"]
[SourceVersion "1"]
[SourceVersionDate "2018.06.28"]
[SourceQuality "1"]

1. d4 Nf6 2. Bf4 g6 3. e3 Bg7 4. Nf3 d6 5. h3 0-0 6. c3 Nbd7 7. Bh2 c5 8. Bd3 e5 9. dxe5 dxe5 10. Nbd2 Qe7 11. e4 Nh5 12. 0-0 Nf4 13. Bxf4 exf4 14. Qe2 h5 15. Rfe1 Re8 16. a4 g5 17. Nc4 g4 18. hxg4 hxg4 19. Nh2 Nf8 20. Nxg4 Qh4 21. Nh2 Re6 22. Qg4 Qh8 23. e5 Rh6 24. Qxf4 Be6 25. Nd6 Ng6 26. Bxg6 Rxg6 27. Nf5 Bxf5 28. Qxf5 Rh6 29. Qf4 Re8 30. Rad1 Rh4 31. Qg3 Qh5 32. f3 Rxa4 33. Ng4 Qg5 34. Rd5 Re6 35. Rxc5 f5 36. Rc8+ Kf7 37. Rc7+ Kg8 38. Rc8+ Kf7 1/2-1/2

[Event "Charlotte CCCSA IM-B"]
[Site "Charlotte"]
[Date "2018.06.06"]
[Round "1"]
[White "Moon, Benjamin"]
[Black "Daggupati, Balaji"]
[Result "1-0"]
[WhiteElo "2334"]
[BlackElo "2268"]
[PlyCount "39"]
[EventDate "2018.06.06"]
[EventType "tourn"]
[EventRounds "9"]
[EventCountry "USA"]
[EventCategory "2"]
[SourceTitle "CBM 184 Extra"]
[Source "ChessBase"]
[SourceDate "2018.06.28"]
[SourceVersion "1"]
[SourceVersionDate "2018.06.28"]
[SourceQuality "1"]

1. d4 d5 2. Bf4 c5 3. e3 Nc6 4. Nf3 Bf5 5. dxc5 e6 6. Nd4 Bxc5 7. Nxf5 exf5 8. c3 Nf6 9. Be2 Ne4 10. Nd2 Nxf2 11. Kxf2 g5 12. Qa4 gxf4 13. Qxf4 Qf6 14. Nf3 Rg8 15. Bd3 Ne7 16. Nd4 Rg4 17. Qf3 Rd8 18. Rhf1 Ng6 19. Kg1 Nh4 20. Qxg4 1-0